福島市の公立小学校 - Statistics

General Stats
  • This quiz has been taken 18 times
  • The average score is 16 of 43
Answer Stats
小学校名 % Correct
福島第一
80%
福島第三
80%
福島第二
80%
福島第四
67%
渡利
67%
飯坂
60%
清水
60%
松川
60%
杉妻
53%
大森
47%
金谷川
47%
野田
47%
平野
47%
矢野目
47%
飯野
40%
御山
40%
鎌田
40%
瀬上
40%
庭坂
40%
湯野
40%
吉井田
40%
岡山
33%
立子山
33%
南向台
33%
蓬莱
33%
森合
33%
荒井
27%
笹谷
27%
月輪
27%
三河台
27%
余目
20%
大笹生
20%
北沢又
20%
清明
20%
鳥川
20%
庭塚
20%
蓬莱東
20%
佐倉
13%
佐原
13%
平石
13%
平田
13%
水保
13%
下川崎
7%
No matching quizzes found
Score Distribution
Percent of People with Each Score
Percentile by Number Answered
Your Score History
You have not taken this quiz